Quiz Harry Potter à l'école des sorciers - Statistiques

Statistiques générales
  • Ce quiz a été pris 450 fois
    416 depuis la dernière actualisation
  • Le résultat moyen est 14 sur 15
Statistiques - réponses
Question Réponse % Correct
Quelle est son rival à l'école ? Drago Malefoy
100%
Dans quelle école va-t'il ? Poudlard
100%
Qui sont ses meilleurs amis ? Ron et Hermione
100%
Qui y' avait 'il derrière la tête du Pr Quirell Lord Voldemort
98%
De qui le trio aurait dû t'il se méfier ? Quirinus Quirell
98%
Qui annonce à Harry qu'il est un sorcier ? Rubeus Hagrid
98%
De qui le trio se méfiait t'il ? Severus Rogue
98%
Comment s'appelle le gardien de la trappe ? Touffu
98%
Quel-est le poste de Harry au Quidditch ? Attrapeur
96%
Comment meurt le Pr Quirell Conssumé par Harry
96%
Quel-est son animal ? Hedwige
96%
A quel jeu doivent t'ils jouer pour passer ? Les échecs
96%
Qui est le créateur de la pierre philosophale ? Nicolas Flamel
96%
Qui se sacrifie pour que Harry puisse avoir la pierre philosophale ? Ron
96%
Dans quelle ville Harry vit-il son enfance ? Little-Whinging
66%
Aucun quiz correspondant
Distribution des résultats
% des personnes avec chaque résultat
Percentile par nombre de réponses
Votre historique - résultats
Vous n’avez pas pris ce quiz depuis la dernière actualisation